000 00328 a2200157 4500
001 171027
020 _a
040 _cMagnum
100 _aGuimaraes, Florianete
240 1 0 _aA gramatica le o texto
_lpor
245 1 0 _aA gramatica le o texto
362 0 _a1899
440 1 _aModerna
697 _aGRAMATICA
942 _cBK
999 _c171027
_d171027